Normal view
MARC view
Entry Personal Name
001 - CONTROL NUMBER
- control field: 26204
003 - CONTROL NUMBER IDENTIFIER
- control field: dpl
005 - DATE AND TIME OF LATEST TRANSACTION
- control field: 20110224153032.0
008 - FIXED-LENGTH DATA ELEMENTS
- fixed length control field: 110224|||a|||||| | ||| d
040 ## - CATALOGING SOURCE
- Original cataloging agency: dpl
- Transcribing agency: dpl
100 ## - HEADING--PERSONAL NAME
- Personal name: वाजपेयी, सुधा
670 ## - SOURCE DATA FOUND
- Source citation: Work cat.: (dpl)40881: वाजपेयी, सुधा, संस्कृत-प्राकृत काव्यधारा का अनुचिन्तन /, 2010
670 ## - SOURCE DATA FOUND
- Source citation: Work cat.: (dpl)40881: वाजपेयी, सुधा, संस्कृत-प्राकृत काव्यधारा का अनुचिन्तन /, 2010
